Anwar-e- Islam (Record no. 20372)

MARC details
000 -LEADER
fixed length control field 00330nam a22001337a 4500
020 ## - INTERNATIONAL STANDARD BOOK NUMBER
ISBN 09788184655995
082 ## - DEWEY DECIMAL CLASSIFICATION NUMBER
Classification number 297.08 MUL
100 ## - MAIN ENTRY--AUTHOR NAME
Author name Multani, Syed Waheedullah Hussaini Al-Qadri
245 ## - TITLE STATEMENT
Title Anwar-e- Islam
260 ## - PUBLICATION, DISTRIBUTION, ETC. (IMPRINT)
Place of publication Hyderabad
Name of publisher Henry Martyn Institute
Year of publication 2016
300 ## - PHYSICAL DESCRIPTION
Number of Pages 282
650 ## - SUBJECT ADDED ENTRY--TOPICAL TERM
Topical Term Islam _ essays
942 ## - ADDED ENTRY ELEMENTS (KOHA)
Koha item type Books
Holdings
Home library Current library Date acquired Source of acquisition Cost, normal purchase price Full call number Accession Number Koha item type
Henry Martyn Institute Library Henry Martyn Institute Library 03/23/2017 Rev. Dr Packiam T.Samual 200.00 297.08 MUL 11- 3485 Books
                   Copyright © 2026 | Henry Martyn Institute | Hyderabad | TS-500052 | INDIA | Implemented by hmi.edu.in
Hit-Count:

Powered by Koha